Movies Quiz

Random Movies or Clickable Quiz

'Harry Potter' Start to Finish Quiz Stats

 Plays Quiz Updated Oct 19, 2018

Score 0/10 Timer 04:00
130 Plays Today
% Correct
???
100%
???
96.2%
???
91.1%
???
89.1%
???
42.1%
???
27%
???
18.4%
???
16.8%
???
14.5%
???
14.5%

You're not logged in!

Compare scores with friends on all Sporcle quizzes.
OR
Log In

Show Comments

Extras

Top Quizzes Today


Score Distribution

Your Account Isn't Verified!

In order to create a playlist on Sporcle, you need to verify the email address you used during registration. Go to your Sporcle Settings to finish the process.

Report this User

Report this user for behavior that violates our Community Guidelines.

Details: